[Event "Nova Gorica op 24th"]
[Site "Nova Gorica"]
[Date "2019.01.30"]
[Round "8"]
[White "Mitovski, Borce"]
[Black "Herega, Nejc"]
[Result "0-1"]
[WhiteElo "1608"]
[BlackElo "1902"]
[PlyCount "54"]
[EventDate "2019.01.25"]
[EventType "swiss"]
[EventRounds "9"]
[EventCountry "SLO"]
[SourceTitle "CBM 188 Extra"]
[Source "ChessBase"]
[SourceDate "2019.02.28"]
[SourceVersion "1"]
[SourceVersionDate "2019.02.28"]
[SourceQuality "1"]

1. e4 b6 2. d4 Bb7 3. Bd3 e6 4. Be3 Nf6 5. Nd2 c5 6. Ngf3 cxd4 7. Bxd4 Nc6 8. Be3 Nb4 9. 0-0 Nxd3 10. cxd3 Be7 11. h3 0-0 12. Rc1 b5 13. Qe2 a6 14. Rc2 Qa5 15. a3 Rfc8 16. Rfc1 Qa4 17. Nb1 Rxc2 18. Rxc2 Rc8 19. Nc3 Qa5 20. Qd2 Bf8 21. Nd5 Qxd2 22. Nxf6+ gxf6 23. Rxd2 f5 24. e5 f6 25. exf6 Rc1+ 26. Kh2 Bd6+ 27. g3 Bxf3 0-1

[Event "Nova Gorica op 24th"]
[Site "Nova Gorica"]
[Date "2019.01.27"]
[Round "4"]
[White "Topolovec, Vid"]
[Black "Mitovski, Borce"]
[Result "1-0"]
[WhiteElo "1705"]
[BlackElo "1608"]
[PlyCount "133"]
[EventDate "2019.01.25"]
[EventType "swiss"]
[EventRounds "9"]
[EventCountry "SLO"]
[SourceTitle "CBM 188 Extra"]
[Source "ChessBase"]
[SourceDate "2019.02.28"]
[SourceVersion "1"]
[SourceVersionDate "2019.02.28"]
[SourceQuality "1"]

1. e4 c5 2. Nf3 Nc6 3. d4 e6 4. Be2 Be7 5. d5 Nb4 6. d6 Bf8 7. Nc3 Qb6 8. a3 Na6 9. e5 f6 10. Nb5 fxe5 11. Nxe5 Nf6 12. a4 g6 13. a5 Qd8 14. Bg5 Bg7 15. Bd3 0-0 16. Qd2 Qe8 17. Ra4 Nh5 18. Qe3 Bxe5 19. Qxe5 Qf7 20. f3 Qg7 21. Qxg7+ Kxg7 22. g4 Nf6 23. Rf4 Nb4 24. Kd2 Nxd3 25. Kxd3 e5 26. Rxf6 Rxf6 27. Bxf6+ Kxf6 28. Nc7 Rb8 29. Kc4 b6 30. a6 Kg5 31. Kd5 Kf4 32. Rf1 b5 33. Kxc5 Ke3 34. Kd5 Ke2 35. Rg1 Kxf3 36. Kxe5 Rb6 37. Rg3+ Kf2 38. Rd3 Bxa6 39. Ra3 Bb7 40. Rxa7 Bf3 41. Nd5 Rc6 42. Rc7 Bxg4 43. Rxc6 dxc6 44. Nf6 Bf5 45. Nxh7 Bc8 46. Kf6 Ke2 47. Nf8 Kd2 48. d7 Bxd7 49. Nxd7 Kxc2 50. Kxg6 b4 51. Nc5 Kxb2 52. Kf6 Kc3 53. Ke6 Kd4 54. Kd6 Ke3 55. Ke5 Kf3 56. Kf5 Ke3 57. h4 Kd4 58. Na4 c5 59. h5 c4 60. h6 c3 61. h7 c2 62. h8Q+ Kc4 63. Qb2 b3 64. Ke4 Kb4 65. Nc3 Kc4 66. Ne2 Kb4 67. Nc1 1-0

[Event "Nova Gorica op 21st"]
[Site "Nova Gorica"]
[Date "2016.01.30"]
[Round "2"]
[White "Mitovski, Borce"]
[Black "Savoia, Serge"]
[Result "0-1"]
[WhiteElo "1593"]
[BlackElo "1875"]
[PlyCount "68"]
[EventDate "2016.01.29"]
[EventType "swiss"]
[EventRounds "9"]
[EventCountry "SLO"]
[SourceTitle "CBM 170 Extra"]
[Source "ChessBase"]
[SourceDate "2016.02.25"]
[SourceVersion "1"]
[SourceVersionDate "2016.02.25"]
[SourceQuality "1"]

1. e4 g6 2. d4 Bg7 3. Bc4 d6 4. Nf3 Nf6 5. Ng5 0-0 6. Nc3 Nc6 7. 0-0 e5 8. d5 Ne7 9. f4 h6 10. fxe5 dxe5 11. Nf3 Bg4 12. h3 Bxf3 13. Qxf3 Ne8 14. Qg3 Nd6 15. Bb3 b5 16. a3 a5 17. Qd3 Qd7 18. Be3 Kh7 19. Ne2 f5 20. exf5 Nexf5 21. c3 Nxe3 22. Qxe3 Nf5 23. Qe4 Rae8 24. Bc2 Rf6 25. Rf3 Nd6 26. Qh4 Rxf3 27. gxf3 Qf7 28. Qg4 Nc4 29. Be4 Ne3 30. Qg3 Nxd5 31. Rd1 Nf6 32. Bc6 Re7 33. Bxb5 Qb3 34. Bd3 Qxd1+ 0-1

[Event "Nova Gorica op-A 20th"]
[Site "Nova Gorica"]
[Date "2015.02.04"]
[Round "8"]
[White "Mitovski, Borce"]
[Black "Zlatanovic, Srdjan"]
[Result "0-1"]
[WhiteElo "1622"]
[BlackElo "1482"]
[PlyCount "74"]
[EventDate "2015.01.30"]
[EventType "swiss"]
[EventRounds "9"]
[EventCountry "SLO"]
[SourceTitle "EXT 2016"]
[Source "ChessBase"]
[SourceDate "2015.10.08"]
[SourceVersion "1"]
[SourceVersionDate "2015.10.08"]
[SourceQuality "1"]

1. e4 c5 2. Bc4 e6 3. a3 Nc6 4. Nf3 Qc7 5. 0-0 Nf6 6. Nc3 a6 7. d3 Be7 8. Ne2 b5 9. Ba2 Bb7 10. Ng3 h6 11. Bd2 Nd4 12. Rc1 Bd6 13. Re1 0-0 14. Bc3 Nxf3+ 15. Qxf3 Be5 16. Bd2 Bxb2 17. Rb1 Be5 18. Qe3 Rfe8 19. c3 d5 20. d4 Bxg3 21. e5 Bxh2+ 22. Kxh2 Ng4+ 23. Kg3 Nxe3 24. Bxe3 cxd4 25. cxd4 Qc3 26. Bb3 Qd3 27. Rb2 Rac8 28. Rd1 Qg6+ 29. Kf3 Rc3 30. Rdd2 Rec8 31. a4 h5 32. g3 Qe4+ 33. Ke2 Qg4+ 34. Ke1 Rc1+ 35. Bd1 Qe4 36. axb5 axb5 37. Ke2 Ba6 0-1

[Event "Nova Gorica op-A 19th"]
[Site "Nova Gorica"]
[Date "2014.02.02"]
[Round "4"]
[White "Mitovski, Borce"]
[Black "Hrescak, Ivana"]
[Result "0-1"]
[WhiteElo "1614"]
[BlackElo "1913"]
[PlyCount "80"]
[EventDate "2014.01.31"]
[EventType "swiss"]
[EventRounds "9"]
[EventCountry "SLO"]
[SourceTitle "CBM 158 Extra"]
[Source "ChessBase"]
[SourceDate "2014.02.28"]
[SourceVersion "1"]
[SourceVersionDate "2014.02.28"]
[SourceQuality "1"]

1. e4 c5 2. Nf3 d6 3. Bc4 Nc6 4. Nc3 Nf6 5. h3 g6 6. d3 Bg7 7. Ne2 0-0 8. c3 a6 9. Be3 b5 10. Bb3 Bb7 11. Ng3 Rc8 12. Qe2 Qa5 13. 0-0 Qc7 14. Rad1 Rfd8 15. Rd2 a5 16. a3 b4 17. Rfd1 Ba6 18. Ng5 Rf8 19. f4 Rb8 20. Ba2 Nd7 21. Rc2 b3 22. Bxb3 Rxb3 23. f5 Nce5 24. Qd2 Bxd3 25. Rcc1 Qb7 26. Qf2 Rxb2 27. Qf4 h6 28. Nf3 Nxf3+ 29. gxf3 g5 30. Qg4 Nf6 31. Rxd3 Nxg4 32. hxg4 Rb1 33. Rdd1 Rxc1 34. Rxc1 Be5 35. Ne2 Qb2 36. Kf1 Rb8 37. Rd1 Qxa3 38. f4 Bxf4 39. Nxf4 gxf4 40. Bxf4 Qxc3 0-1

[Event "Nova Gorica op-A 19th"]
[Site "Nova Gorica"]
[Date "2014.02.02"]
[Round "5"]
[White "Pridigar, Lovro"]
[Black "Mitovski, Borce"]
[Result "0-1"]
[WhiteElo "1655"]
[BlackElo "1614"]
[PlyCount "118"]
[EventDate "2014.01.31"]
[EventType "swiss"]
[EventRounds "9"]
[EventCountry "SLO"]
[SourceTitle "CBM 158 Extra"]
[Source "ChessBase"]
[SourceDate "2014.02.28"]
[SourceVersion "1"]
[SourceVersionDate "2014.02.28"]
[SourceQuality "1"]

1. d4 e6 2. c4 b6 3. Nc3 Bb7 4. Bf4 a6 5. e3 Nf6 6. Nf3 Nh5 7. Bg3 Nxg3 8. hxg3 Bb4 9. Qc2 h6 10. Be2 f5 11. 0-0-0 Be7 12. Bd3 Nc6 13. a3 Bf6 14. Nh4 Bxh4 15. Rxh4 Qg5 16. Kb1 Ne7 17. Rh2 0-0-0 18. b4 g6 19. a4 Nc6 20. Qb3 Qe7 21. c5 d5 22. Na2 h5 23. Rc1 Kb8 24. cxb6 cxb6 25. Qb2 Ka7 26. Bxa6 Bxa6 27. b5 Na5 28. bxa6 Nc4 29. Qe2 Rc8 30. Rhh1 Qa3 31. Rc3 Qxa4 32. Rhc1 Qxa6 33. Ka1 Rc6 34. Qd3 Ra8 35. Ra3 Nxa3 36. Qxa6+ Kxa6 37. Rxc6 Re8 38. Rc7 Kb5 39. Kb2 Nc4+ 40. Kc3 Ra8 41. Nc1 Ra3+ 42. Kc2 e5 43. Rg7 e4 44. Rxg6 Kb4 45. Rf6 Rc3+ 46. Kd1 Ka3 47. Ke2 Rxc1 48. Rxf5 Rc2+ 49. Kf1 Rc1+ 50. Ke2 Kb3 51. Rxd5 Kc3 52. Rxh5 Nb2 53. Re5 Rc2+ 54. Kf1 Kd3 55. Kg1 Nd1 56. Rb5 Nxf2 57. Rxb6 Kxe3 58. g4 Nxg4 59. Rb1 Kxd4 0-1

[Event "Nova Gorica op-A 18th"]
[Site "Nova Gorica"]
[Date "2013.01.30"]
[Round "8"]
[White "Cortese, Lina"]
[Black "Mitovski, Borce"]
[Result "1-0"]
[WhiteElo "1585"]
[BlackElo "1630"]
[PlyCount "83"]
[EventDate "2013.01.25"]
[EventType "swiss"]
[EventRounds "9"]
[EventCountry "SLO"]
[SourceTitle "CBM 152 Extra"]
[Source "ChessBase"]
[SourceDate "2013.02.25"]
[SourceVersion "1"]
[SourceVersionDate "2013.02.25"]
[SourceQuality "1"]

1. c4 e5 2. Nc3 a6 3. g3 Bc5 4. Bg2 c6 5. Nf3 d6 6. d4 exd4 7. Nxd4 Nf6 8. 0-0 Be6 9. Nxe6 fxe6 10. Rb1 Nbd7 11. b4 Ba7 12. Qxd6 Qe7 13. Qxe7+ Kxe7 14. c5 Rhd8 15. Ne4 Nxe4 16. Bxe4 Nf6 17. Bd3 h6 18. Bf4 Bb8 19. Bxb8 Raxb8 20. Rfd1 Rd7 21. Bc2 Rbd8 22. Rxd7+ Rxd7 23. Bd3 Nd5 24. Rb3 g5 25. Kg2 Kf6 26. Bc4 Ke7 27. Bd3 Kf6 28. a3 Re7 29. Bc4 Re8 30. e4 Nc7 31. Rd3 Re7 32. f4 e5 33. Rd6+ Ne6 34. f5 g4 35. fxe6 Re8 36. Rd7 Rb8 37. h3 b5 38. cxb6 gxh3+ 39. Kxh3 h5 40. Rf7+ Kg6 41. e7 Re8 42. b7 1-0